Undertale songs - Statistics

General Stats
  • This quiz has been taken 196 times
  • The average score is 12 of 15
Answer Stats
Songs Answers % Correct
Spear of ___ Justice
99%
Your ___ friend Best
91%
___ and dreams Hopes
91%
M_g_lo_an_a Mégalovania
90%
Spider ___ Dance
89%
Death by ___ Glamour
87%
Your best ___ Nightmare
87%
Once ___ a time Upon
84%
Battle ___ a true hero Against
83%
Fallen ___ Down
82%
___ than you Stronger
82%
D_mm_ Dummy
75%
Metal ___ Crusher
72%
Do_so_ _ Dogsong
55%
Nyeh ___ eh Eh
47%
No matching quizzes found
Score Distribution
Percent of People with Each Score
Percentile by Number Answered
Your Score History
You have not taken this quiz